000
00305nam a22001337a 4500
008
170906b xxu||||| |||| 00| 0 eng d
020
_a
0130446289
041
_a
eng
080
_a
72
100
_a
41
101
_a
ARK
245
_a
THE ARCHITECTURE OF CONCURENT PROGRAMS
_c
HANSEN, P.B
942
_2
udc
_c
BK
999
_c
26363
_d
26363